Žriebä Dráma v dvoch dejstvách s prológom

Bibliographic Details
Main Author: BOKEJEV, Oralchan (Author)
Other Authors: Stuppacherová, Elena, 1946- (Translator)
Format: Book
Language:Slovak
PhysicalDescription:43 s., 2,39 AH 29 cm
Published: Bratislava Lita 1977
Subjects:

MARC

LEADER 00000cam a2200000 a 4500
001 vtls001106297
003 SK-MaSNL
005 20260301001402.0
008 240315s1977 xo g 0000d slo
015 |a SNBA1977 
035 |a SNK000049139 
040 |a SNK  |b slo  |c SNK  |e AACR2 
041 0 |a slo 
044 |a xo  |c SK 
080 |a 894.3-2  |2 1981 
100 1 |a BOKEJEV, Oralchan  |4 aut  |9 279617 
245 1 0 |a Žriebä  |b Dráma v dvoch dejstvách s prológom  |c Oralchan Bokejev, Elena Stuppacherová-Koraušová 
260 |a Bratislava  |b Lita  |c 1977 
300 |a 43 s., 2,39 AH  |c 29 cm 
366 |e Nepredajné 
650 0 7 |a etiketa  |2 SNKPH  |9 31845 
650 0 7 |a etika  |2 SNKPH  |9 792 
655 7 |a tatárske drámy  |2 SNKPH  |9 166884 
655 7 |a psychologické drámy  |2 SNKPH  |9 279618 
700 1 |a Stuppacherová, Elena,  |d 1946-  |4 trl  |9 126037 
958 |a OND 
958 |a BQ 
958 |a UP 
958 |a RM 
999 |c 534780  |d 536710 
952 |t P60, <05>, [BOOK], {605}  |a SNK  |b SNK  |y PREZ  |7 0  |p 17A0123130  |o snkSB 25477 D1  |0 0  |1 0  |4 0  |d 1998-02-16  |l 0  |r 2004-12-31 00:00:00  |w 2026-02-23 
952 |a SNK  |b SNK  |y PREZ  |7 0  |p 17A0925935  |o snkSB 25477  |0 0  |1 0  |4 0  |d 2012-07-25  |f 1  |l 0  |r 2025-03-28 00:00:00  |w 2026-02-23